[Event "Auckland Anniversary Weekender 2017"]
[Site "Auckland NZL"]
[Date "2017.01.28"]
[Round "2"]
[White "Picken, Oliver"]
[Black "Hague, Ben"]
[Result "0-1"]
[WhiteElo "1900"]
[BlackElo "2463"]
[PlyCount "36"]
[EventDate "2017.01.27"]

1. e4 c5 2. a3 g6 3. h4 h5 4. b4 Bg7 5. Nc3 d6 6. Bc4 Nc6 7. Rb1 Nf6 8. Nge2
O-O 9. d3 Nd4 10. Nxd4 cxd4 11. Ne2 d5 12. exd5 Nxd5 13. Qd2 Be6 14. Bb2 Qb6
15. c3 Nxc3 16. Nxc3 Bxc4 17. dxc4 dxc3 18. Bxc3 Qe6+ 0-1

[Event "Auckland Anniversary Weekender 2017"]
[Site "Auckland NZL"]
[Date "2017.01.28"]
[Round "2"]
[White "Garbett, Paul A"]
[Black "Mukkattu, Philip"]
[Result "1-0"]
[WhiteElo "2331"]
[BlackElo "1880"]
[PlyCount "75"]
[EventDate "2017.01.27"]

1. e4 c6 2. d4 d5 3. exd5 cxd5 4. Nf3 Nf6 5. Ne5 a6 6. Bd3 Nc6 7. c3 e6 8. f4
g6 9. Nd2 Nh5 10. O-O Qb6 11. Kh1 Bh6 12. Nb3 Qd8 13. g4 Nxe5 14. dxe5 b5 15.
Nd4 f5 16. gxh5 Ra7 17. Be3 Qh4 18. Qf3 Rg7 19. a4 b4 20. cxb4 gxh5 21. Rg1 Rg4
22. Rxg4 hxg4 23. Qg3 Qe7 24. Rc1 Bb7 25. b5 axb5 26. Bxb5+ Kf7 27. Qe1 Bg7 28.
Bf2 Qd8 29. a5 Bf8 30. Qc3 Be7 31. Qc7 Ba8 32. Bd7 Qxc7 33. Bxe6+ Kg6 34. Bxf5+
Kh5 35. Rxc7 Bb4 36. Rg7 Bd2 37. Bxg4+ Kh6 38. Nf5# 1-0

[Event "Auckland Anniversary Weekender 2017"]
[Site "Auckland NZL"]
[Date "2017.01.28"]
[Round "2"]
[White "Zhang, Jasmine Haomo"]
[Black "Steadman, Michael V R"]
[Result "1-0"]
[WhiteElo "1837"]
[BlackElo "2328"]
[PlyCount "87"]
[EventDate "2017.01.27"]

1. d4 Nf6 2. c4 Nc6 3. Nc3 e5 4. d5 Ne7 5. e4 Ng6 6. Be3 Bb4 7. f3 Bxc3+ 8.
bxc3 O-O 9. Bd3 d6 10. c5 Qe7 11. cxd6 cxd6 12. Qd2 Nd7 13. Ne2 Nc5 14. Nc1 Bd7
15. Nb3 Nxd3+ 16. Qxd3 Qh4+ 17. g3 Qe7 18. c4 b6 19. Kd2 Rac8 20. a4 Qe8 21. a5
b5 22. c5 Qe7 23. Rhc1 Qf6 24. c6 Bh3 25. Bxa7 Qe7 26. Bb6 f5 27. Kc3 fxe4 28.
fxe4 Ra8 29. Nd2 Bc8 30. Kb4 Ba6 31. Nb1 Qg5 32. Nc3 Qh5 33. Qe2 Qg5 34. Rf1
Ne7 35. Nxb5 Qg6 36. Qe3 Qg4 37. Qd3 Qh3 38. Qe2 Rae8 39. Rac1 h5 40. Rxf8+
Rxf8 41. Qd2 Nc8 42. Nc7 Bf1 43. Ne6 Rf6 44. Qg5 1-0

[Event "Auckland Anniversary Weekender 2017"]
[Site "Auckland NZL"]
[Date "2017.01.28"]
[Round "2"]
[White "Gong, Daniel Hanwen"]
[Black "Ha, Huy Minh (Timothy)"]
[Result "1-0"]
[WhiteElo "2255"]
[BlackElo "1778"]
[PlyCount "69"]
[EventDate "2017.01.27"]

1. c4 c5 2. Nc3 Nf6 3. g3 g6 4. Bg2 Bg7 5. Nf3 d6 6. d4 O-O 7. O-O a6 8. h3 Qc7
9. d5 Nbd7 10. a4 b6 11. e4 Ne8 12. Qe2 Ne5 13. Nd2 Ra7 14. f4 Nd7 15. Nf3 e5
16. f5 Ndf6 17. g4 h6 18. Qf2 Nh7 19. h4 gxf5 20. exf5 f6 21. Bh3 Kf7 22. g5
fxg5 23. hxg5 hxg5 24. Ne4 Nef6 25. Nfxg5+ Nxg5 26. Nxg5+ Ke8 27. Ra3 Rh8 28.
Qg2 Bh6 29. Ne6 Bxe6 30. fxe6 Rg8 31. Bxh6 Rxg2+ 32. Bxg2 Qh7 33. Rxf6 Rg7 34.
Bxg7 Qxg7 35. Raf3 1-0

[Event "Auckland Anniversary Weekender 2017"]
[Site "Auckland NZL"]
[Date "2017.01.28"]
[Round "2"]
[White "Burrows, Grant L"]
[Black "Fan, Allen Chi Zhou"]
[Result "0-1"]
[WhiteElo "1757"]
[BlackElo "2153"]
[PlyCount "47"]
[EventDate "2017.01.27"]

1. e4 Nf6 2. e5 Nd5 3. d4 d6 4. Nf3 dxe5 5. dxe5 Nc6 6. Bb5 Bg4 7. c3 e6 8.
Nbd2 Nb6 9. O-O a6 10. Be2 Be7 11. Re1 O-O 12. Qc2 Nd5 13. Nf1 Bf5 14. Qd1 Bc5
15. Ng3 Bg6 16. Bg5 Qb8 17. Nh1 h6 18. Bh4 Qa7 19. Bd3 Bh5 20. h3 g5 21. g4 Nf4
22. Bb1 Nxh3+ 23. Kh2 Bxg4 24. Qc2 0-1

[Event "Auckland Anniversary Weekender 2017"]
[Site "Auckland NZL"]
[Date "2017.01.28"]
[Round "2"]
[White "Gibbons, Robert E"]
[Black "Jacobs, Hilton J"]
[Result "1-0"]
[WhiteElo "2057"]
[BlackElo "1740"]
[PlyCount "125"]
[EventDate "2017.01.27"]

1. Nf3 d5 2. g3 Nf6 3. Bg2 c5 4. O-O Nc6 5. d3 e5 6. Re1 Bd6 7. e4 d4 8. Nbd2
O-O 9. Nc4 Bc7 10. a4 h6 11. Bd2 Bg4 12. h3 Be6 13. Kh2 Nh7 14. Nh4 Qd7 15. g4
Ne7 16. Nf5 Ng6 17. Bf3 f6 18. Rg1 Ng5 19. b3 Nf4 20. Bxf4 exf4 21. h4 Nf7 22.
Qf1 g6 23. h5 Bxc4 24. hxg6 Ng5 25. Kg2 Be6 26. Rh1 Bxf5 27. gxf5 Kg7 28. Rh5
Rh8 29. Qg1 Rag8 30. Qh2 Kf8 31. Rh1 Qg7 32. Qh4 Be5 33. Bg4 a6 34. f3 b6 35.
Rh2 Ke8 36. Qe1 Kd8 37. Qh1 Bd6 38. Rxh6 Rxh6 39. Rxh6 Bf8 40. Rh5 Qc7 41. Qa1
Bg7 42. Qa2 Rf8 43. Kf2 Kc8 44. Rxg5 fxg5 45. f6+ Kb8 46. fxg7 Qxg7 47. b4 Qxg6
48. bxc5 Rh8 49. Qd5 Qg7 50. cxb6 Rh6 51. Qd8+ Kb7 52. Bc8+ Kc6 53. b7 Qc7 54.
Qd5+ Kb6 55. Qxd4+ Ka5 56. Qd5+ Kb6 57. Qd4+ Ka5 58. c3 Rb6 59. Qd5+ Kxa4 60.
Qa2+ Kb5 61. Qb3+ Ka5 62. Qa3+ Kb5 63. Qb4+ 1-0

[Event "Auckland Anniversary Weekender 2017"]
[Site "Auckland NZL"]
[Date "2017.01.28"]
[Round "2"]
[White "Ning, Isabelle"]
[Black "Bennett, Hilton P"]
[Result "0-1"]
[WhiteElo "1139"]
[BlackElo "2055"]
[PlyCount "58"]
[EventDate "2017.01.27"]

1. d4 d6 2. c4 g6 3. Nc3 Bg7 4. Bf4 Nf6 5. e3 O-O 6. Nf3 Nbd7 7. Bd3 Re8 8. O-O
h6 9. Qd2 e5 10. Bg3 e4 11. Bxe4 Nxe4 12. Nxe4 Rxe4 13. Rfe1 Nf6 14. h3 Re8 15.
Rac1 Ne4 16. Qd3 Bf5 17. Qb3 Nxg3 18. fxg3 Qd7 19. Kh2 a5 20. Qxb7 Reb8 21. Qd5
c6 22. Qxf5 Qxf5 23. e4 Qc8 24. d5 Rxb2 25. a4 g5 26. Rcd1 g4 27. hxg4 Qxg4 28.
dxc6 Qxf3 29. Rg1 Qh5# 0-1

[Event "Auckland Anniversary Weekender 2017"]
[Site "Auckland NZL"]
[Date "2017.01.28"]
[Round "2"]
[White "Cooper, Nigel"]
[Black "Duneas, John"]
[Result "1/2-1/2"]
[WhiteElo "1669"]
[BlackElo "2183"]
[PlyCount "104"]
[EventDate "2017.01.27"]

1. e4 Nf6 2. Nc3 d5 3. exd5 Nxd5 4. Nxd5 Qxd5 5. d4 Nc6 6. Nf3 Bg4 7. c4 Qe4+
8. Be3 Bxf3 9. gxf3 Qf5 10. d5 Ne5 11. f4 Nd7 12. h4 e6 13. Bh3 Qe4 14. Rg1
Bb4+ 15. Kf1 Qxc4+ 16. Qe2 Qxe2+ 17. Kxe2 exd5 18. Rxg7 Nf6 19. Bd4 Ke7 20. a3
Ba5 21. Bc5+ Ke8 22. Bd4 Ne4 23. f3 Nd6 24. Rg5 f6 25. Rxd5 Bb6 26. Bxf6 Rf8
27. Be5 Ke7 28. Rad1 Rad8 29. f5 Kf7 30. Bxd6 cxd6 31. Rxd6 Rfe8+ 32. Kf1 Rxd6
33. Rxd6 Re3 34. Bg4 Rb3 35. Rd7+ Kg8 36. f6 Rxb2 37. Rxb7 Rd2 38. Be6+ Kh8 39.
Rb8+ Rd8 40. Rxd8+ Bxd8 41. f7 Kg7 42. h5 Be7 43. a4 Kf6 44. Bd5 Kg5 45. Be4
Kxh5 46. Bxh7 Kg5 47. Be4 Kf6 48. Bd5 Kg7 49. Kf2 a5 50. Ke3 Kf8 51. Kd4 Bb4
52. f4 Be1 1/2-1/2

[Event "Auckland Anniversary Weekender 2017"]
[Site "Auckland NZL"]
[Date "2017.01.28"]
[Round "2"]
[White "Crombie, William R"]
[Black "Li, Xiang Wei William"]
[Result "1-0"]
[WhiteElo "1654"]
[BlackElo "2120"]
[PlyCount "69"]
[EventDate "2017.01.27"]

1. e4 c5 2. b3 Nc6 3. Bb2 e6 4. Nc3 Nf6 5. Nf3 d6 6. Bb5 Bd7 7. O-O Be7 8. d4
cxd4 9. Nxd4 O-O 10. Nxc6 bxc6 11. Bd3 Qc7 12. f4 d5 13. e5 Ne8 14. Bxh7+ Kxh7
15. Qh5+ Kg8 16. Rf3 f5 17. Rh3 Nf6 18. exf6 Bxf6 19. Nxd5 cxd5 20. Bxf6 Rxf6
21. Qh8+ Kf7 22. Qxa8 Bc6 23. Qh8 Qxf4 24. Qh4 Qd6 25. Qd4 Qb8 26. Re1 Rg6 27.
Ree3 Rg4 28. Qc5 d4 29. Reg3 Rxg3 30. Rxg3 Qb6 31. Qxb6 axb6 32. c3 dxc3 33.
Rxc3 Bd5 34. Kf2 Kf6 35. Rc8 1-0

[Event "Auckland Anniversary Weekender 2017"]
[Site "Auckland NZL"]
[Date "2017.01.28"]
[Round "2"]
[White "Krstev, Antonio"]
[Black "Welsh, James"]
[Result "1-0"]
[WhiteElo "2060"]
[BlackElo "1430"]
[PlyCount "109"]
[EventDate "2017.01.27"]

1. d4 Nf6 2. c4 e6 3. Nc3 d5 4. Bg5 Be7 5. e3 O-O 6. f4 Nbd7 7. c5 c6 8. Bd3 h6
9. Bxf6 Nxf6 10. Nf3 b6 11. b4 bxc5 12. bxc5 a5 13. Ne5 Qc7 14. Qa4 Bb7 15. Rb1
Nd7 16. Nxd7 Qxd7 17. O-O Ba6 18. Bxa6 Rxa6 19. Rb2 Rc8 20. Rfb1 Bd8 21. Rb7
Rc7 22. Rb8 Rc8 23. R1b7 Rc7 24. Qb3 Rxb7 25. Qxb7 Qxb7 26. Rxb7 Bf6 27. Na4
Kf8 28. Nb6 Bd8 29. a4 Ke8 30. Nc8 Kf8 31. Nd6 f5 32. Rf7+ Kg8 33. Rd7 Ra8 34.
Nb7 Bf6 35. Rd6 Rb8 36. Nxa5 Rb1+ 37. Kf2 Ra1 38. Nxc6 Rxa4 39. Rxe6 Ra8 40.
Ne5 Rd8 41. Rb6 Kf8 42. Ke2 Ke8 43. Rb7 g5 44. g3 Bxe5 45. dxe5 d4 46. Rh7 d3+
47. Kd2 Rd5 48. c6 g4 49. c7 Rc5 50. Kxd3 Kf8 51. c8=R+ Rxc8 52. Rh8+ Kf7 53.
Rxc8 h5 54. e4 Ke7 55. exf5 1-0

[Event "Auckland Anniversary Weekender 2017"]
[Site "Auckland NZL"]
[Date "2017.01.28"]
[Round "2"]
[White "Qiu, Daniel"]
[Black "Runcan, Daniel-Ioan"]
[Result "0-1"]
[WhiteElo "1372"]
[BlackElo "1994"]
[PlyCount "62"]
[EventDate "2017.01.27"]

1. d4 Nf6 2. c4 c5 3. Nf3 g6 4. Nc3 Bg7 5. e4 d6 6. dxc5 Qa5 7. Qa4+ Qxa4 8.
Nxa4 Nxe4 9. cxd6 Bd7 10. Bd3 Nxd6 11. Nc5 Bc6 12. Be2 b6 13. Nb3 Nd7 14. O-O
O-O 15. Nbd2 e5 16. Nb3 Rac8 17. Be3 Nf5 18. Bc1 e4 19. Ng5 h6 20. Nh3 Rfd8 21.
Rd1 Ne5 22. Bf4 Nd3 23. Bxd3 exd3 24. Rd2 g5 25. Bg3 Ba4 26. Rc1 Bxb3 27. axb3
Nd4 28. Rcd1 Nxb3 29. Rxd3 Rxd3 30. Rxd3 Rxc4 31. Rd1 Bxb2 0-1

[Event "Auckland Anniversary Weekender 2017"]
[Site "Auckland NZL"]
[Date "2017.01.28"]
[Round "2"]
[White "Barry, Jacob"]
[Black "Lyall, Simon"]
[Result "0-1"]
[WhiteElo "1220"]
[BlackElo "1797"]
[PlyCount "22"]
[EventDate "2017.01.27"]

1. e4 e5 2. Nf3 Nf6 3. d4 Nxe4 4. dxe5 d5 5. c4 c6 6. a3 Qb6 7. Qc2 Bc5 8. Be3
Bxe3 9. fxe3 Qxe3+ 10. Qe2 Qc1+ 11. Qd1 Qxd1+ 0-1

[Event "Auckland Anniversary Weekender 2017"]
[Site "Auckland NZL"]
[Date "2017.01.28"]
[Round "2"]
[White "Holdo, Karl"]
[Black "Gao, Hugh"]
[Result "1-0"]
[WhiteElo "1741"]
[BlackElo "1121"]
[PlyCount "61"]
[EventDate "2017.01.27"]

1. d4 d5 2. c4 Nf6 3. g3 Nc6 4. Nf3 Bg4 5. Bg2 dxc4 6. e3 e5 7. Qa4 Bb4+ 8. Bd2
Bxd2+ 9. Nbxd2 O-O 10. dxe5 Nd7 11. O-O Ndxe5 12. Nxe5 Nxe5 13. Nxc4 Nf3+ 14.
Kh1 Qd5 15. Nd2 Qxd2 16. Qxg4 Ne5 17. Qf5 Qxb2 18. Rab1 Qc3 19. Rfc1 Qa5 20. f4
Nc6 21. Qxa5 Nxa5 22. Rxc7 Rfe8 23. Bd5 Rxe3 24. Rxf7 Kh8 25. f5 Rb8 26. g4 Re5
27. Be6 g6 28. Rd1 gxf5 29. gxf5 Nc6 30. Rdd7 Re8 31. Rxh7# 1-0

[Event "Auckland Anniversary Weekender 2017"]
[Site "Auckland NZL"]
[Date "2017.01.28"]
[Round "2"]
[White "Chen, Wei Kai"]
[Black "Xie, Felix"]
[Result "1-0"]
[WhiteElo "1734"]
[BlackElo "1036"]
[PlyCount "103"]
[EventDate "2017.01.27"]

1. e4 e6 2. d4 d5 3. Nd2 Nf6 4. e5 Nfd7 5. Bd3 c5 6. c3 Nc6 7. Ngf3 Qb6 8. dxc5
Bxc5 9. Qe2 O-O 10. Nb3 f6 11. exf6 Rxf6 12. Bg5 Rf7 13. c4 Nf6 14. cxd5 Nxd5
15. Bxh7+ Kxh7 16. Qc2+ Kg8 17. Qxc5 Qxc5 18. Nxc5 b6 19. Ne4 Nf4 20. Bxf4 Rxf4
21. Neg5 Nb4 22. O-O Rf6 23. Rfd1 Ba6 24. Rd2 Nd5 25. Nxe6 Rxe6 26. Rxd5 Re2
27. b4 Rb2 28. a3 Rc8 29. Rd2 Rcc2 30. Rxc2 Rxc2 31. Re1 Rc3 32. Re3 Rc1+ 33.
Ne1 Kf7 34. f3 Kf6 35. Kf2 Kf5 36. g4+ Kf4 37. h4 Rxe1 38. Rxe1 Bd3 39. Re7 g5
40. Rf7+ Ke5 41. hxg5 a5 42. f4+ Ke6 43. Rf6+ Ke7 44. f5 axb4 45. axb4 Bc4 46.
Rxb6 Kf7 47. Rb7+ Kg8 48. g6 Bd3 49. Ke3 Bc2 50. Kf4 Kf8 51. Kg5 Bxf5 52. gxf5
1-0

[Event "Auckland Anniversary Weekender 2017"]
[Site "Auckland NZL"]
[Date "2017.01.28"]
[Round "2"]
[White "Peak, Stephen"]
[Black "Wang, Ying"]
[Result "1-0"]
[WhiteElo "1622"]
[BlackElo "1304"]
[PlyCount "113"]
[EventDate "2017.01.27"]

1. e4 e5 2. Nf3 Nc6 3. Bc4 Nf6 4. Nc3 Bb4 5. d3 Nd4 6. Nxe5 O-O 7. Be3 c5 8. h3
d6 9. Nf3 Nxf3+ 10. Qxf3 Be6 11. Bxe6 fxe6 12. Qd1 Bxc3+ 13. bxc3 Qa5 14. Bd2
c4 15. O-O e5 16. Qb1 b6 17. Qb4 Qxb4 18. cxb4 Rac8 19. Rac1 b5 20. f4 Nh5 21.
f5 Ng3 22. Rf2 cxd3 23. cxd3 Rxc1+ 24. Bxc1 Rc8 25. Bb2 Kf7 26. Kh2 Nh5 27. g3
Nf6 28. Kg2 Nd7 29. Kf3 Nb6 30. d4 Nc4 31. dxe5 Nxe5+ 32. Bxe5 dxe5 33. Re2 Rc4
34. a3 Rc3+ 35. Re3 Rxe3+ 36. Kxe3 Kf6 37. h4 g5 38. fxg6 Kxg6 39. Kf3 Kh5 40.
Kf2 Kg4 41. Kg2 h5 42. Kf2 Kh3 43. Kf3 Kh2 44. g4 hxg4+ 45. Kxg4 Kg2 46. h5 Kf2
47. h6 Ke3 48. Kf5 Kd4 49. h7 Kc4 50. h8=Q Kb3 51. Qxe5 Ka4 52. Qc7 a5 53.
Qxa5+ Kb3 54. e5 Kc4 55. e6 Kd5 56. Qxb5+ Kd6 57. Qc5# 1-0

[Event "Auckland Anniversary Weekender 2017"]
[Site "Auckland NZL"]
[Date "2017.01.28"]
[Round "2"]
[White "Li, Leo Xiang Yu"]
[Black "McDougall, Euan"]
[Result "0-1"]
[WhiteElo "1337"]
[BlackElo "1586"]
[PlyCount "62"]
[EventDate "2017.01.27"]

1. e4 e5 2. Nf3 Nc6 3. Bc4 d6 4. d4 Bg4 5. dxe5 Nxe5 6. Bf4 Nxc4 7. Qd4 Bxf3 8.
gxf3 Ne5 9. Qb4 Nf6 10. Qb3 Be7 11. Nc3 Ng6 12. Be3 O-O 13. O-O-O b6 14. Rdg1
Nd7 15. Nd5 c6 16. Nxe7+ Qxe7 17. Qc3 c5 18. h4 Qe5 19. Qd2 f6 20. f4 Qxe4 21.
h5 Ne7 22. f3 Qe6 23. Kb1 Nf5 24. Re1 Rfe8 25. Bxc5 Qf7 26. Bxd6 Nxd6 27. Qxd6
Rxe1+ 28. Rxe1 Re8 29. Rg1 Nc5 30. b3 Qxh5 31. Qxf6 Re1+ 0-1

[Event "Auckland Anniversary Weekender 2017"]
[Site "Auckland NZL"]
[Date "2017.01.28"]
[Round "2"]
[White "Wang, Aaron Ziwen"]
[Black "Qin, Oscar Shu Xuan"]
[Result "0-1"]
[WhiteElo "1562"]
[BlackElo "1254"]
[PlyCount "168"]
[EventDate "2017.01.27"]

1. c4 e6 2. Nc3 Nf6 3. Nf3 d5 4. cxd5 exd5 5. d4 c6 6. g3 Bd6 7. Bg2 h6 8. O-O
Nbd7 9. Re1 O-O 10. e4 dxe4 11. Nxe4 Nxe4 12. Rxe4 Nf6 13. Re2 Bg4 14. Qb3 Rb8
15. h3 Bxf3 16. Qxf3 Bc7 17. Be3 Qd6 18. Bf4 Qd8 19. Be3 Re8 20. Rae1 Rc8 21.
Qf5 Bb6 22. Qd3 Qd7 23. Rd1 Rcd8 24. Qc3 Nd5 25. Qc4 Nxe3 26. fxe3 Qd6 27. Kh2
Bc7 28. Rf2 Qxg3+ 29. Kg1 Qg6 30. d5 Bb6 31. Kh1 Rxe3 32. Qg4 Rg3 33. Qxg6 Rxg6
34. Rf5 Rgd6 35. Rdf1 f6 36. Rd1 g6 37. Rf4 cxd5 38. Rg4 Kh7 39. Rg3 R8d7 40.
Bf1 d4 41. Bd3 f5 42. h4 Rd5 43. Rf1 Rf7 44. Rfg1 Rf6 45. Rf3 Re5 46. Rg2 Re3
47. Rfg3 Re1+ 48. Rg1 Rxg1+ 49. Rxg1 h5 50. Kg2 Re6 51. Kf2 Re3 52. Rg3 Kg7 53.
Rxe3 dxe3+ 54. Kf3 Kf7 55. Be2 Bd4 56. b3 a6 57. a3 a5 58. a4 b6 59. Bc4+ Kf6
60. Kf4 Bc5 61. Be2 Bd6+ 62. Kxe3 f4+ 63. Kf3 g5 64. hxg5+ Kxg5 65. Bf1 h4 66.
Bh3 Bb4 67. Bd7 Be1 68. Bh3 Bg3 69. Bd7 Kf6 70. Bh3 Ke5 71. Bd7 Kd4 72. Bh3 Kc3
73. Be6 Kb4 74. Ke2 Kc3 75. Kf3 Kb4 76. Ke2 b5 77. axb5 Kxb5 78. Kf3 Kb4 79.
Ke2 h3 80. Kf3 h2 81. Kg2 f3+ 82. Kh1 f2 83. Bc4 Kc3 84. Kg2 a4 0-1

[Event "Auckland Anniversary Weekender 2017"]
[Site "Auckland NZL"]
[Date "2017.01.28"]
[Round "2"]
[White "Schurr, Richard"]
[Black "Qin, Nicole Shu Yu"]
[Result "0-1"]
[WhiteElo "1265"]
[BlackElo "1557"]
[PlyCount "72"]
[EventDate "2017.01.27"]

1. e4 e6 2. d4 d5 3. e5 c5 4. Nf3 Nc6 5. Bb5 Bd7 6. O-O Nxe5 7. Bxd7+ Nxd7 8.
Be3 Ngf6 9. Nbd2 Bd6 10. c4 cxd4 11. Bxd4 O-O 12. Qb3 b6 13. cxd5 exd5 14. Rac1
Bc5 15. Bxc5 Nxc5 16. Qd1 Re8 17. Nb3 Nxb3 18. Qxb3 Rc8 19. Rc3 Qe7 20. h3 Rxc3
21. Qxc3 Rd8 22. Nd4 Qb7 23. Rc1 Qa6 24. a3 Re8 25. f3 h6 26. b4 b5 27. Kf2 Nd7
28. Qd3 Ne5 29. Qb3 Qg6 30. Rd1 a6 31. Qxd5 Nd3+ 32. Rxd3 Qxd3 33. Kg3 Qxa3 34.
Qc6 Qe3 35. Nc2 Qg5+ 36. Kh2 Re2 0-1

[Event "Auckland Anniversary Weekender 2017"]
[Site "Auckland NZL"]
[Date "2017.01.28"]
[Round "2"]
[White "Li, Rodney Xiang Rei"]
[Black "Shinil, Anan"]
[Result "1-0"]
[WhiteElo "1556"]
[BlackElo "1156"]
[PlyCount "91"]
[EventDate "2017.01.27"]

1. e4 c5 2. Nf3 Nc6 3. d4 cxd4 4. Nxd4 Nxd4 5. Qxd4 d6 6. Nc3 e5 7. Qd5 Nf6 8.
Bb5+ Bd7 9. Qxb7 Bxb5 10. Qxb5+ Nd7 11. O-O Be7 12. Nd5 O-O 13. Nxe7+ Qxe7 14.
b3 Nf6 15. f3 Rfc8 16. Qd3 Rc6 17. Bg5 h6 18. Bh4 Qe6 19. f4 exf4 20. Rxf4 Nd7
21. c4 Nc5 22. Qd5 Qxd5 23. exd5 Ra6 24. Rf3 Rb8 25. Rff1 Re8 26. Bf2 Re2 27.
Bxc5 dxc5 28. Rf2 Rxf2 29. Kxf2 Kf8 30. Ke3 Ke7 31. Kd3 Rf6 32. Re1+ Kd6 33.
Re2 a5 34. a3 Rf4 35. Kc3 Rf1 36. b4 cxb4+ 37. axb4 Rc1+ 38. Kd3 axb4 39. Rb2
Kc5 40. Rc2 Rxc2 41. Kxc2 f6 42. Kb3 g5 43. g4 Kd6 44. Kxb4 Ke5 45. h3 Kd6 46.
Kb5 1-0